Music Quiz

Random Music or Celebrity Quiz

When They Were Young (Musicians) Quiz Stats

 Plays Quiz Updated Jun 1, 2016

Score 0/20 Timer 08:00
4 Plays Today
% Correct
Beyoncé
65.2%
Katy Perry
62.6%
Elvis Presley
54.4%
Snoop Dogg
52.3%
John Mayer
50.3%
Pink
44.9%
Björk
43%
Drake
43%
Bruno Mars
39.3%
Kanye West
39%
% Correct
David Bowie
34.4%
Gwen Stefani
33.6%
Kurt Cobain
33.3%
Fergie
33.2%
Bruce Springsteen
28%
Marilyn Manson
21.6%
Prince
15%
Lil Jon
14.9%
Billy Corgan
9.8%
Shania Twain
5.5%

You're not logged in!

Compare scores with friends on all Sporcle quizzes.
OR
Log In

You Might Also Like...

Show Comments

Extras

Top Quizzes Today


Score Distribution

Your Account Isn't Verified!

In order to create a playlist on Sporcle, you need to verify the email address you used during registration. Go to your Sporcle Settings to finish the process.

Report this User

Report this user for behavior that violates our Community Guidelines.

Details: